000 00547nam a22002057a 4500
003 OSt
005 20140310182951.0
008 130206t xxu||||| |||| 00| 0 eng d
020 _a9789712718267
050 _aTK 5105.875.I57
_b.K49 2006
100 _aKhan, Rachel E.
245 _aInternet 101 :
_b the new mass medium for Filipinos /
_cRachel E. Khan.
260 _aPasig City :
_bAnvil,
_c2006.
300 _a204 p. :
_c26 cm.
_bill. ;
521 _aEDU
562 _e2
942 _2lcc
_cBK
_kLOC
999 _c17903
_d17903